000 00715nam a2200229Ia 4500
003 OSt
005 20220923221933.0
006 a|||||r|||| 00| 0
007 ta
008 220922b |||||||| |||| 00| 0 hin d
024 _a201,266
037 _cTextual
040 _aARTS
_cARTS
_bhin
041 _2hin
_ahin
082 _aV2:2501:N4, 152L3
100 _aश्रीकृष्ण
245 0 _aकहानी जलियांवाले बाग की
246 _aKahānī jaliyāanvāle bāg kī
260 _aदिल्ली
_b राज पब्लि0 हा0
_c1973
942 _hV2:2501:N4, 152L3
_cTEXL
_2CC
999 _c352919
_d352919